000 00657nam a2200193Ia 4500
003 GCL
008 140319s9999 xx 000 0 ara d
040 _aGCL /
_cGCL
082 0 4 _a050.9611
_bم د
100 1 _aمحمد حمدان
245 1 0 _aدليل الدوريات الصادرة بالبلاد التونسية /
_cمحمد حمدان
260 _a[S.N] :
_bالمؤسسة الوطنية للترجمة والتحقيق ،
_c1989
300 _a330 ص
490 _aفهارس ومراجع صحافة ومجلات
_v0
650 0 4 _aالدوريات
650 0 4 _aالادلة
650 0 4 _aالدوريات التونسية
942 _2ddc
_cBK
999 _c35194
_d35194